00577nam a22001692 4500001001100000005001700011008004100028040001500069100003800084245012000122250001300242260005000255300001700305650003300322651004900355852000300404000001192420151217155848.0090121s xx 000 0 eng d aKABUcKABU1 aJohnston, Harry, Sir.@000014942110aBritain across the seas :bAfrica, a history and description of the British Empire in Africa /cSir Harry Johnston. a1st ed. aLondon :bNational Society's Depository,c[?] axix, 429 p. 0aBritishzAfrica.@0000167988 0aGreat BritainxColonieszAfrica.@00001613111